Los procesos de formación policial en Costa Rica: avances y desafíos pendientes /
Este artículo analiza los procesos de formación policial en Costa Rica a partir de sus antecedentes en la abolición de Ejército en 1949 y en el proceso de evolución del modelo de seguridad que predomina hasta finales del siglo XX. Se muestra cómo a pesar de distintos esfuerzos institucionales persis...
Guardado en:
| Hovedforfatter: | |
|---|---|
| Format: | Texto |
| Fag: | |
| Tags: |
Tilføj Tag
Ingen Tags, Vær først til at tagge denne postø!
|
MARC
| LEADER | 00000 a a2200000 04500 | ||
|---|---|---|---|
| 001 | 45790 | ||
| 003 | |||
| 040 | |||
| 100 | |a Moya, Sergio | ||
| 245 | |a Los procesos de formación policial en Costa Rica: |b avances y desafíos pendientes / |c Sergio Moya | ||
| 520 | |a Este artículo analiza los procesos de formación policial en Costa Rica a partir de sus antecedentes en la abolición de Ejército en 1949 y en el proceso de evolución del modelo de seguridad que predomina hasta finales del siglo XX. Se muestra cómo a pesar de distintos esfuerzos institucionales persisten una serie de problemas como la dispersión de los cuerpos policiales, falta de definición doctrinal, problemas de reclutamiento y selección, entre otros. | ||
| 590 | |a RRH/ABRIL2014 | ||
| 650 | |a 1.SEGURIDAD CIUDADANA | ||
| 650 | |a 2.POLICIA | ||
| 650 | |a 3.LEYES | ||
| 650 | |a 4.ESTADO | ||
| 650 | |a 5.MARCO INSTITUCIONAL | ||
| 650 | |a 6.COSTA RICA | ||
| 773 | |g volumen30, número1 ( , 2012), páginas 255-272 | ||
| 999 | |c 30152 |d 30152 | ||
